| 000 | 00493nam a22001337a 4500 | ||
|---|---|---|---|
| 999 |
_c3853 _d3853 |
||
| 008 | 200703b ||||| |||| 00| 0 eng d | ||
| 082 | 0 | 0 |
_a341.7566 _bI325 |
| 110 |
_9806 _aIMCO |
||
| 245 | 1 | 0 |
_aInternational Conference on Safety of Life at Sea, 1974 : final act of the conference, with attachments, including the International Convention for the Safety of Life at Sea / _cby IMCO |
| 260 |
_aBombay _bBhandarkar _c1979 |
||
| 300 | _axv, 318 p. | ||
| 650 | 0 | _aShips--Safety regulations | |
| 942 | _cBK | ||